000 00585nam a2200193Ia 4500
003 GCL
008 140319s9999 xx 000 0 ara d
040 _aGCL /
_cGCL
082 0 4 _aق
_b932
_bى ت
100 1 _aى، ن.
245 1 0 _aتاريخ توت عنخ أمون : محرر مصر العظيم /
_cى، ن.
260 _a[S.N] :
_bمكتبة مدبولى ،
_c1991
300 _a328 ص
490 _aصفحات من تاريخ مصر الفرعونية
_v0
650 0 4 _aتاريخ
650 0 4 _aمصر القديمة
650 0 4 _aتوت عنخ امون
942 _2ddc
_cBK
999 _c52514
_d52514